|
|
|
|
| LEADER |
01047nam a2200241 a 4500 |
| 001 |
12202587 |
| 008 |
090518s2000 ii ab b i000 0 eng d |
| 010 |
|
|
|a \\\00691083
|
| 020 |
|
|
|a 9290222220
|
| 040 |
|
|
|a DLC
|c DLC
|d DLC
|
| 082 |
0 |
0 |
|a 362.1/0959
|2 21
|
| 245 |
0 |
0 |
|a South-East Asia :
|b progress towards health for all, 1977-2000.
|
| 260 |
|
|
|a New Delhi :
|b World Health Organization, Regional Office for South-East Asia,
|c 2000.
|
| 300 |
|
|
|a 35 p. :
|b col. ill., map ;
|c 26 cm.
|
| 504 |
|
|
|a Includes bibliographical references (p. 35).
|
| 541 |
1 |
|
|e 00007544
|
| 650 |
|
0 |
|a Health planning
|z Southeast Asia.
|
| 650 |
|
0 |
|a Public health
|z Southeast Asia.
|
| 650 |
|
0 |
|a Medical care
|z Southeast Asia.
|
| 710 |
2 |
|
|a World Health Organization.
|b Regional Office for South-East Asia.
|
| 852 |
4 |
|
|a Ayesha Abed Library
|j Generalshelf
|
| 999 |
|
|
|c 792
|d 792
|
| 952 |
|
|
|0 0
|1 0
|2 ddc
|4 0
|6 362_109590000000000_WHO_2000
|7 0
|8 NFIC
|9 730
|a BRACUL
|b BRACUL
|c GEN
|d 2009-05-18
|g 0.00
|l 0
|o 362.10959 WHO
|p 3010007544
|r 2009-05-18
|t 1
|w 2009-05-18
|y BK
|x No price found in the accession register.
|